000 00891nam a22002897a 4500
001 2387991
003 OSt
005 20210421075217.0
008 851030t19861985nyu 000 1 eng
010 _a 85028381
020 _a0140083847 (pbk.) :
040 _aDLC
_cDLC
_dDLC
_beng
041 _aeng
050 0 0 _aPR6013.I3335
_bL6 1986b
080 _a821.111
_bG-45
082 0 0 _a823/.914
_219
100 1 _aGilbert, Michael Francis,
_d1912-2006.
245 1 4 _aThe long journey home /
_cMichael Gilbert.
_b/ by: Penguin Books
260 _aNew York, N.Y. :
_bPenguin Books
_c1986, c1985.
300 _a232 p.
_c18 cm.
365 _b3.95 usd
650 0 _9254
_aEnglish literature
653 _aინგლისური ლიტერატურა
655 7 _aDetective and mystery stories.
_2gsafd
906 _a7
_bcbc
_corignew
_d1
_eocip
_f19
_gy-gencatlg
942 _2udc
_cBK
999 _c1730
_d1730